000 00644nam a22002537a 4500
001 246
003 UA-OsUOA
005 20191119163223.0
007 ta
008 20050525b un ||||| |||| 00| 0 ukr d
020 _a5-88510-071-3
040 _aUA-OsUOA
_brus
_cUA-OsUOA
_dUA-OsUOA
041 _arus
080 _a821.161.1
090 _a821.161.1
_bО-66
100 _aОрлов В.
245 _aАльтист Данилов
_bРомани
260 _aК.
_bМуз.Україна
_c1988
300 _a432 с.
650 7 _2UDC
942 _cBK
_2udc
955 _a3
999 _c286413
_d286413